| 000 | 00611nam a2200181Ia 4500 | ||
|---|---|---|---|
| 003 | GCL | ||
| 008 | 140319s9999 xx 000 0 ara d | ||
| 040 |
_aGCL / _cGCL |
||
| 082 | 0 | 4 |
_a657.835 _bب ت |
| 100 | 1 | _aبابكر الامير بابكر | |
| 245 | 1 | 0 |
_aتطبيقات عملية فى المحاسبة الحكومية فى المملكة العربية السعودية / _cبابكر الامير بابكر |
| 700 | 1 | _aمحمد مقبل الرشيد | |
| 300 | _a434 ص | ||
| 490 |
_aكتاب _v0 |
||
| 650 | 0 | 4 | _aالسعودية |
| 650 | 0 | 4 | _aالمحاسبة الحكومية |
| 942 |
_2ddc _cBK |
||
| 999 |
_c41336 _d41336 |
||